| 000 | 01111nam a2200349 a 4500 | ||
|---|---|---|---|
| 008 | 030617s1959||||xo 0 slo c | ||
| 040 |
_aSNK _bslo _cSNK _eAACR2 |
||
| 041 | 1 | _aslo | |
| 044 |
_axo _cSK |
||
| 072 | 7 |
_a78 _2SNK |
|
| 080 | _a785.7 | ||
| 080 | _a(086.86) | ||
| 080 | _a785.7:787.11(086.76) | ||
| 100 | 1 |
_aSiegmund-Schultze, Walther _d1685-1759 _4cmp |
|
| 245 | 1 | 0 |
_aHändel _hzvukový dokument _b12 Concerti grossi, Op. 6 _cGeorg Friedrich Händel _n1-3 |
| 260 |
_aBratislava _bSVKL _c1959 |
||
| 300 |
_a3 kompaktné platne _bstereo |
||
| 500 | _aFoto Robert Paršo | ||
| 505 | 0 | _aObsahuje 18 diel | |
| 511 | _aBohdan Warchal, dirigent | ||
| 511 | _aÚčinkuje Slovak Chamber Orchestra | ||
| 650 | 0 | 7 |
_akomorná hudba _2SNK |
| 650 | 0 | 7 |
_akomorná hudba _xorchestrálna hudba _xplatne kompaktné _2SNK |
| 650 | 0 | 7 |
_aorchestrálna hudba _xplatne kompaktné _2SNK |
| 650 | 0 | 7 |
_aconcerto grosso _2SNK |
| 650 | 0 | 7 |
_aHudba _2SNK |
| 700 | 1 |
_aWarchal, Bohdan _d1930-2000 _4cnd |
|
| 700 | 1 |
_aParšo, Robert _4pht |
|
| 710 | 0 |
_aSlovenský komorný orchester _4prf |
|
| 020 | _c3,12 | ||
| 958 | _aJDC | ||
| 999 |
_c15123 _d15123 |
||